CIB to be replaced (Record no. 66790)

MARC details
000 -LEADER
fixed length control field 00697cam a2200181 4500
001 - CONTROL NUMBER
control field WB3716-01
008 - FIXED-LENGTH DATA ELEMENTS--GENERAL INFORMATION
fixed length control field 000000n2001 000 0 eng u
035 ## - SYSTEM CONTROL NUMBER
System control number (Sirsi) u112147
245 ## - TITLE STATEMENT
Title CIB to be replaced
260 ## - PUBLICATION, DISTRIBUTION, ETC.
Date of publication, distribution, etc. 2001
490 ## - SERIES STATEMENT
Series statement Contract Journal
Volume/sequential designation 408(6323) 19 April 2001, 1(1)
520 ## - SUMMARY, ETC.
Summary, etc. The Construction Industry Board (CIB) will cease to exist from June 2001. Its replacement will be a strategic forum working alongside the Confederation of Construction Clients (CCC) and aims to be more representative of clients.
590 ## - LOCAL NOTE (RLIN)
Local note WB
650 ## - SUBJECT ADDED ENTRY--TOPICAL TERM
Topical term or geographic name entry element CONFEDERATION OF CONSTRUCTION CLIENTS
650 ## - SUBJECT ADDED ENTRY--TOPICAL TERM
Topical term or geographic name entry element CONSTRUCTION INDUSTRY BOARD
690 ## - LOCAL SUBJECT ADDED ENTRY--TOPICAL TERM (OCLC, RLIN)
Topical term or geographic name as entry element BUILT ENVIRONMENT
942 ## - ADDED ENTRY ELEMENTS (KOHA)
Suppress in OPAC 0
Holdings
Withdrawn status Lost status Source of classification or shelving scheme Damaged status Not for loan Home library Current library Shelving location Date acquired Total Checkouts Full call number Barcode Date last seen Copy number Price effective from Koha item type
    Dewey Decimal Classification     London London News article 25/04/2001   WB3716-01 112147-1001 06/08/2019 1 06/08/2019 News article